Detalles MARC
| 000 -LÍDER |
| Campo fijo de descripción fija |
02206nam a2200337 i 4500 |
| 001 - NÚMERO DE CONTROL |
| Campo de control |
768714001 |
| 003 - IDENTIFICADOR DEL NÚMERO DE CONTROL |
| Campo de control |
CO-MdFUSB |
| 005 - FECHA Y HORA DE LA ULTIMA TRANSACCIÓN |
| control field |
20210306093725.0 |
| 007 - CAMPO FIJO DE DESCRIPCIÓN FIJA--INFORMACIÓN GENERAL |
| Campo fijo de descripción fija |
ta |
| 008 - ELEMENTOS DE LONGITUD FIJA -- INFORMACIÓN GENERAL |
| Campo fijo de descripción fija -- Información general |
200530t2010 sp a|||| |||| 00| 0 spa d |
| 020 ## - NÚMERO INTERNACIONAL NORMALIZADO PARA LIBROS |
| Número Internacional Normalizado del libro |
9789587049442 |
| 040 ## - FUENTE DE CATALOGACIÓN |
| Agencia de catalogación original |
CO-MdFUSB |
| Idioma de catalogación |
spa |
| Agencia que realiza la transcripción |
CO-MdFUSB |
| Agencia que realiza la modificación |
CO-MdFUSBC |
| Convenciones de la descripción |
rda |
| 041 ## - CÓDIGO DE IDIOMA |
| Código de idioma para texto/pista de sonido o título separado |
spa |
| Código de idioma original |
eng |
| 082 ## - NÚMERO DE CLASIFICACIÓN DECIMAL DEWEY |
| Número de la edición del Dewey |
23 |
| Número de clasificación |
813.54 |
| Clave de autor-Numero de item |
R646 |
| 100 ## - ASIENTO PRINCIPAL--NOMBRE PERSONAL |
| Nombre personal |
Roberts, Nora. |
| Término relacionador |
autor |
| 240 ## - TITULO UNIFORME |
| Título uniforme |
<a href="Born in ice">Born in ice</a> |
| 245 ## - TÍTULO |
| Título del Material |
Nacida del hielo |
| Mención de responsabilidad, etc. |
/ Nora Roberts ; traducido por Adriana Delgado Escrucería. |
| 250 ## - MENCIÓN DE EDICIÓN |
| Mención de edición |
Primera edición |
| 264 #1 - PRODUCCIÓN, PUBLICACIÓN, DISTRIBUCIÓN, MANUFACTURA, Y COPYRIGHT |
| Lugar de producción, publicación, distribución, manufactura |
Barcelona, España : |
| Nombre del productor, publicador, distribuidor |
Suma de Letras, |
| Fecha de producción, publicación, distribución, manufactura, o copyright |
[2010] |
| 264 #4 - PRODUCCIÓN, PUBLICACIÓN, DISTRIBUCIÓN, MANUFACTURA, Y COPYRIGHT |
| Fecha de producción, publicación, distribución, manufactura, o copyright |
© 2010 |
| 300 ## - DESCRIPCIÓN FÍSICA |
| Extensión |
648 páginas |
| Dimensiones |
; 23 cm |
| 336 ## - TIPO DE CONTENIDO |
| Fuente |
rdacontent |
| Término de tipo de contenido |
texto |
| Código de tipo de contenido |
txt |
| 337 ## - TIPO DE MEDIO |
| Fuente |
rdamedia |
| Nombre del tipo de medio |
sin mediación |
| Código del tipo de medio |
n |
| 338 ## - TIPO DE SOPORTE |
| Fuente |
rdacarrier |
| Nombre del tipo de soporte |
volumen |
| Código Tipo de soporte |
nc |
| 520 ## - NOTA DE RESUMEN, ETC. |
| Nota de sumario, etc. |
Brianna Concannon es el tipo de posadero a quien no le importan los duros inviernos de Irlanda, y la cama y desayuno vacía que viene con ellos. Pero este año, un famoso autor estadounidense necesita un lugar tranquilo para quedarse mientras escribe su próximo libro. Un encantador, cuyas sonrisas fáciles enmascaran un pasado protegido, Grayson Thane planea pasar el frío invierno solo. Pero su encantadora casera agrega una complicación que nunca esperó. Ella es exactamente lo que él está buscando en su heroína. Y pronto Grayson y Brianna aprenderán que a veces el destino tiene un plan propio. A veces, el fuego puede nacer en hielo ... "<br/>"Gracias a su propio esfuerzo, Brie Concannon ha logrado convertir su sueño en realidad: ha transformado Blackthorn Cottage, la casa familiar, en un acogedor hotel rural. Unas horas después de que Brie haga un descubrimiento sobre su padre que tendrá peligrosas consecuencias, llega al hotel Grayson Thane, un escritor norteamericano en busca de inspiración. Entre los dos surge una gran atracción que abrirá para ambos mundos nuevos. Pero tanto Grayson como Brie han sufrido en el pasado y, antes de admitir que necesitan a alguien, prefieren fingir frialdad." |
| 563 ## - NOTA DE ENCUADERNACIÓN |
| Nota de encuadernación |
Rústico |
| 653 ## - TÉRMINO DE INDIZACIÓN - NO CONTROLADO |
| Término no controlado |
Relaciones interpersonales |
| 700 ## - ASIENTO SECUNDARIO - NOMBRE PERSONAL |
| 9 (RLIN) |
2629 |
| Nombre personal |
Delgado Escrucería, Adriana. |
| Responsabilidad |
traductor |
| 942 ## - TIPO DE MATERIAL (KOHA) |
| Tipo de Item KOHA |
Libros General |
| 945 ## - INFORMACIÓN LOCAL DEL REGISTRO |
| Catalogador |
JTF-925 |